| 000 | 01314nam0a2200313 4500 | ||
|---|---|---|---|
| 001 | RU\NLR\bibl\1435162 | ||
| 005 | 20250615222924.0 | ||
| 010 |
_a978-5-699-37952-1 _96000 |
||
| 021 |
_aRU _b2009-86006 _9392д |
||
| 035 | _a(NLR Aleph) 001427046 | ||
| 090 |
_a1378830 _c1378830 |
||
| 100 | _a20091109d2009 |||y0rusy50 ca | ||
| 101 | 0 | _arus | |
| 102 | _aRU | ||
| 105 | _ay ||||||||| | ||
| 200 | 1 |
_aКак общаться с работником ГИБДД _eс изменениями от 1 сентября 2009 года _fАндрей Финкель |
|
| 210 |
_aМосква _cЭксмо _d2009 |
||
| 215 |
_a77, [1] с. _d17 |
||
| 601 | 0 | 2 |
_aГосударственная инспекция безопасности дорожного движения _yРоссийская Федерация _92119280 _3RU\NLR\AUTH\661279928 |
| 606 | 1 |
_aАвтомобильный транспорт _xБезопасность движения _xПравовые вопросы _yРоссийская Федерация _92078860 _3RU\NLR\auth\661254726 |
|
| 686 | _aХ621.145.310.41 | ||
| 700 | 1 |
_aФинкель _bА. Е. _gАндрей Е _4070 |
|
| 801 | 0 |
_aRU _bNLR _c20091109 _gRCR |
|
| 801 | 1 |
_aRU _bNLR _c20091109 |
|
| 830 | _aавт. по кн. | ||
| 942 | _cBOOK | ||
| 980 | _aNB | ||